000 00531nam a2200217Ia 4500
003 OSt
005 20221007082503.0
006 a|||||r|||| 00| 0
007 ta
008 221006b |||||||| |||| 00| 0 eng d
024 _a707
037 _cTextual
040 _aFLL
_cFLL
_beng
041 _2eng
_aeng
082 _aX:517:Z2, M4
100 _aDugar S.M
_9230242
245 0 _aMRTP Trade and Practice Act,1969
260 _c1984
942 _hX:517:Z2, M4
_cTEXL
_2CC
999 _c1166592
_d1166592